| 000 | 00523 a2200157 4500 | ||
|---|---|---|---|
| 999 |
_c7798 _d7798 |
||
| 020 | _a9781435457881 | ||
| 050 | _aHF5691 HAN 2012 | ||
| 100 |
_aHansen, Mary _eauthor |
||
| 245 |
_aMaster math : _bbusiness and personal finance math / _cMary Hansen |
||
| 264 |
_aBoston : _bCourse Technology Cengage Learning, _c2012 |
||
| 300 | _axiv, 290p. : | ||
| 500 | _aOther Title: Business and personal finance math. Includes index | ||
| 650 | _aFinance, Personal | ||
| 650 | _aBusiness mathematics | ||
| 942 |
_2lcc _cBK _h5691 _iHAN _kHF |
||